| 000 | 00695nam a2200229 a 4500 | ||
|---|---|---|---|
| 999 |
_c3800 _d3800 |
||
| 001 | 15397 | ||
| 003 | BD-DhUAP | ||
| 005 | 20200312120206.0 | ||
| 008 | 200312r20071960nyu 00| 0deng d | ||
| 020 | _a9788184000085 | ||
| 040 |
_aDLC _cDLC _dBD-DhUAP _bEng |
||
| 082 |
_223 _a820.9 DAI |
||
| 100 | 1 | _aDaiches, David. | |
| 245 | 0 | 2 |
_aA critical history of English literature / _cDavid Daiches. |
| 250 | _aRe. ed. | ||
| 260 |
_aNew Delhi, _bRandom house, _cc1960 [Reprinted 2007]. |
||
| 300 |
_avolumes ; _c23 cm. |
||
| 505 | _aV. 1- from the beginnings to Milton. | ||
| 650 | 0 |
_aEnglish literature _xHistory and criticism. |
|
| 942 |
_2ddc _cBK |
||